| 000 | 00842nam a2200217 a 4500 | ||
|---|---|---|---|
| 001 | 47839 | ||
| 003 | BD-RjUL | ||
| 005 | 20211209054413.0 | ||
| 008 | 160810s1994 bg ||||| |||| 00| e b d | ||
| 035 | _a(BD-RjUL)47958 | ||
| 040 |
_aBD-RjUL _beng _cBD-RjUL _dBD-RjUL |
||
| 041 | _aeng | ||
| 082 |
_223 _bHOB 1994 _a327.1095492 |
||
| 100 | 1 |
_aহোসেন, সৈয়দ আনোয়ার _9125181 |
|
| 245 | 1 |
_aবাংলাদেশ ও বর্তমান বিশ্ব / _cসৈয়দ আনোয়ার হোসেন |
|
| 260 |
_aঢাকা : _bআগামী প্রকাশনী, _c১৯৯৪ |
||
| 300 |
_a৭২ পৃ. ; _c২০ সেমি. |
||
| 650 |
_aপররাষ্ট্রনীতি _zবাংলাদেশ _9145259 |
||
| 650 |
_aForeign policy _xBangladesh _9146093 |
||
| 942 |
_2ddc _cBK |
||
| 999 |
_c47839 _d47839 |
||